Triple-A Baseball Teams - Statistics

General Stats
  • This quiz has been taken 38 times
    23 since last reset
  • The average score is 11 of 30
Answer Stats
Answer % Correct
Iowa Cubs
67%
Worcester Red Sox
57%
Indianapolis Indians
52%
Norfolk Tides
52%
Durham Bulls
48%
Gwinnett Stripers
48%
Lehigh Valley IronPigs
48%
Scranton/Wilkes-Barre RailRiders
48%
Syracuse Mets
48%
Toledo Mud Hens
48%
Columbus Clippers
43%
Oklahoma City Dodgers
43%
Charlotte Knights
38%
Louisville Bats
38%
Omaha Storm Chasers
38%
Reno Aces
38%
Albuquerque Isotopes
33%
Buffalo Bisons
33%
Memphis Redbirds
33%
Round Rock Express
33%
El Paso Chihuahuas
29%
Nashville Sounds
29%
Rochester Red Wings
29%
Salt Lake Bees
29%
Tacoma Rainiers
29%
Las Vegas Aviators
24%
Sacramento River Cats
24%
San Antonio Missions
10%
Wichita Wind Surge
5%
Fresno Grizzlies
0%
No matching quizzes found
Score Distribution
Percent of People with Each Score
Percentile by Number Answered
Your Score History
You have not taken this quiz since the last reset